Gold deposits of the southern Piedmont, (Record no. 28251)

MARC details
000 -LEADER
fixed length control field 00956cam a22002771 4500
001 - CONTROL NUMBER
control field gs 48000052
003 - CONTROL NUMBER IDENTIFIER
control field DLC
005 - DATE AND TIME OF LATEST TRANSACTION
control field 20260227111353.0
008 - FIXED-LENGTH DATA ELEMENTS--GENERAL INFORMATION
fixed length control field 780317s1948 dcuab b f000 0 eng
010 ## - LIBRARY OF CONGRESS CONTROL NUMBER
LC control number gs 48000052
035 ## - SYSTEM CONTROL NUMBER
System control number (OCoLC)3726986
040 ## - CATALOGING SOURCE
Original cataloging agency DLC
Transcribing agency OClU
Modifying agency OCoLC
-- DLC
042 ## - AUTHENTICATION CODE
Authentication code premarc
050 00 - LIBRARY OF CONGRESS CALL NUMBER
Classification number QE75
Item number .P9 no. 213
051 ## - LIBRARY OF CONGRESS COPY, ISSUE, OFFPRINT STATEMENT
Classification number TN423.A5
Item number P35
Copy information Copy 2.
082 ## - DEWEY DECIMAL CLASSIFICATION NUMBER
Classification number 553.41
100 1# - MAIN ENTRY--PERSONAL NAME
Personal name Pardee, Joseph Thomas,
Dates associated with a name 1871-
245 10 - TITLE STATEMENT
Title Gold deposits of the southern Piedmont,
Statement of responsibility, etc. by J. T. Pardee and C. F. Park, Jr.
260 ## - PUBLICATION, DISTRIBUTION, ETC.
Place of publication, distribution, etc. Washington,
Name of publisher, distributor, etc. U.S. Govt. Print. Off.,
Date of publication, distribution, etc. 1948.
300 ## - PHYSICAL DESCRIPTION
Extent vii, 156 p.
Other physical details illus., maps (part fold., in separate portfolio)
Dimensions 29 cm.
410 20 - SERIES STATEMENT/ADDED ENTRY--CORPORATE NAME [OBSOLETE, CAN/MARC], [LOCAL, USA]
Corporate name or jurisdiction name as entry element United States.
Subordinate unit Geological Survey.
Title of a work Professional paper
Volume number/sequential designation 213
504 ## - BIBLIOGRAPHY, ETC. NOTE
Bibliography, etc. note Bibliography: p. 3-8.
650 #0 - SUBJECT ADDED ENTRY--TOPICAL TERM
Topical term or geographic name entry element Geology
Geographic subdivision Southern States.
650 #0 - SUBJECT ADDED ENTRY--TOPICAL TERM
Topical term or geographic name entry element Gold mines and mining
Geographic subdivision Southern States.
700 1# - ADDED ENTRY--PERSONAL NAME
Personal name Park, Charles Frederick,
Dates associated with a name 1903-
Relator term joint author.

No items available.

Powered by Koha